000 00341cam a22001097a 4500
008 180718b1964 xxu||||| |||| 00| 0 eng d
082 _aT19x42 Un3c/1960
245 _aReview of colonial reserach 1940-1960
_cedited by Charles Jeffries
260 _aLondon
_bHer Majesty's Stationery Office
_c1964
300 _a238p.
700 _aJeffries,Charles
999 _c497229
_d497229